000 01521cam a2200385 a 4500
001 472769
003 OSt
005 20240508074850.0
008 831004s1983 enk b 001 0 eng
010 _a 83209608
020 _a014044422X
040 _aDLC
_cDLC
_dDLC
041 1 _aenglat
050 0 0 _aPA6394
_b.S48 1983
082 0 0 _a874.01 S48 1983
_219
100 0 _aHorace.
240 1 0 _aCarmina.
_lEnglish
245 1 4 _aThe complete Odes and Epodes :
_bwith the Centennial hymn /
_cHorace ; translated with notes by W.G. Shepherd ; with an introduction by Betty Radice.
260 _aHarmondsworth, Middlesex, England ;
_aNew York, N.Y., U.S.A. :
_bPenguin,
_c1983.
300 _a253 p. ;
_c19 cm.
440 0 _aPenguin classics
500 _aIncludes index.
504 _aBibliography: p. 39-40.
600 0 0 _aHorace
_xTranslations into English.
650 0 _aLaudatory poetry, Latin
_xTranslations into English.
650 0 _aVerse satire, Latin
_xTranslations into English.
651 0 _aRome
_xPoetry.
700 1 _aShepherd, W. G.
_q(William Guy),
_d1935-
700 0 2 _aHorace.
_tEpodae.
_lEnglish.
856 4 1 _3Table of contents only
_uhttp://www.loc.gov/catdir/enhancements/fy1206/83209608-t.html
856 4 2 _3Publisher description
_uhttp://www.loc.gov/catdir/enhancements/fy1505/83209608-d.html
856 4 2 _3Contributor biographical information
_uhttp://www.loc.gov/catdir/enhancements/fy1512/83209608-b.html
906 _a7
_bcbc
_corignew
_d3
_encip
_f19
_gy-gencatlg
942 _2ddc
_cBK-EN
_n0
999 _c6745
_d6745